[Event "MARIENBAD OPEN 2019 - C - FIDE open"]
[Site "Polonia hotel, Marianske Lazne"]
[Date "2019.01.23"]
[Round "6"]
[White "Chkhaidze, Nikoloz"]
[Black "Kushko, Dmitriy"]
[Result "1/2-1/2"]
[WhiteElo "2290"]
[BlackElo "2270"]
[PlyCount "72"]
[EventDate "2019.01.19"]

1. e4 d6 2. d4 Nf6 3. Nc3 g6 4. f4 Bg7 5. Nf3 O-O 6. e5 dxe5 7. fxe5 Nd5 8. Bc4
Be6 9. Nxd5 Bxd5 10. Bxd5 Qxd5 11. Qe2 c5 12. c4 Qd7 13. d5 e6 14. d6 f6 15.
exf6 Bxf6 16. Bh6 Rf7 17. O-O Nc6 18. Ng5 Bxg5 19. Rxf7 Qxf7 20. Bxg5 Qf5 21.
h4 Nd4 22. Qd2 Qe5 23. d7 Qd6 24. b4 b6 25. bxc5 bxc5 26. Qf2 Qxd7 27. Rf1 Re8
28. h5 gxh5 29. Bf6 Nf5 30. Qxc5 Rc8 31. Qa5 Qc7 32. Qd2 Qb6+ 33. Rf2 Qb1+ 34.
Rf1 Qb6+ 35. Rf2 Qb1+ 36. Rf1 Qb6+ 1/2-1/2

[Event "MARIENBAD OPEN 2019 - C - FIDE open"]
[Site "Polonia hotel, Marianske Lazne"]
[Date "2019.01.23"]
[Round "6"]
[White "Svanda, Ondrej"]
[Black "Qiu, Mengjie"]
[Result "1-0"]
[WhiteElo "2215"]
[BlackElo "2247"]
[PlyCount "69"]
[EventDate "2019.01.19"]

1. c4 e6 2. Nf3 Nf6 3. g3 d5 4. Bg2 d4 5. O-O c5 6. d3 Nc6 7. e3 Bd6 8. exd4
cxd4 9. Bg5 h6 10. Bxf6 Qxf6 11. Nbd2 Qd8 12. Rc1 O-O 13. a3 a5 14. Re1 Re8 15.
c5 Bf8 16. Ne5 Bd7 17. Nxc6 Bxc6 18. Bxc6 bxc6 19. b4 axb4 20. axb4 Qb8 21. Qb3
Rd8 22. Ra1 Qb5 23. Qc4 Rxa1 24. Rxa1 Rb8 25. Qxb5 Rxb5 26. Ra4 Rb8 27. Nf3 Rc8
28. Ra6 Rb8 29. Rb6 Rd8 30. Ne5 f6 31. Nxc6 Rd5 32. Rb8 Rd7 33. Rd8 Rc7 34.
Nxd4 Kf7 35. Rxf8+ 1-0

[Event "MARIENBAD OPEN 2019 - C - FIDE open"]
[Site "Polonia hotel, Marianske Lazne"]
[Date "2019.01.23"]
[Round "6"]
[White "Shagbazyan, Taron"]
[Black "Gnojek, Petr"]
[Result "1-0"]
[WhiteElo "2415"]
[BlackElo "2086"]
[PlyCount "53"]
[EventDate "2019.01.19"]

1. d4 Nf6 2. c4 e6 3. Nc3 Bb4 4. e3 b6 5. Nge2 c5 6. a3 Ba5 7. Rb1 Na6 8. g3
Bb7 9. d5 b5 10. Bg2 bxc4 11. O-O Rb8 12. e4 O-O 13. Bf4 Bc7 14. d6 Bb6 15. e5
Bxg2 16. Kxg2 Ne8 17. Qa4 Qc8 18. Qxc4 Qb7+ 19. f3 f5 20. h4 Rc8 21. h5 Nb8 22.
Na4 Nc6 23. Rbc1 Na5 24. Qb5 Qc6 25. Qxc6 Rxc6 26. b4 Nb3 27. Rc4 1-0

[Event "MARIENBAD OPEN 2019 - C - FIDE open"]
[Site "Polonia hotel, Marianske Lazne"]
[Date "2019.01.23"]
[Round "6"]
[White "Lys, Josef"]
[Black "Simet, Martin"]
[Result "0-1"]
[WhiteElo "2134"]
[BlackElo "2223"]
[PlyCount "52"]
[EventDate "2019.01.19"]

1. d4 d6 2. c4 e5 3. dxe5 dxe5 4. Qxd8+ Kxd8 5. e4 Nf6 6. Bd3 Nbd7 7. Nc3 Bb4
8. Bd2 Nc5 9. Bc2 Be6 10. b3 Kc8 11. Nf3 Rd8 12. Ng5 h6 13. Nxe6 Nxe6 14. O-O-O
Ng4 15. Rdf1 Ba3+ 16. Kd1 Bc5 17. Ke1 Nxf2 18. Rhg1 Nd3+ 19. Bxd3 Bxg1 20. Rxg1
Rxd3 21. Nd5 c6 22. Bb4 cxd5 23. exd5 Nf4 24. Bf8 Kd7 25. Bxg7 Rg8 26. Bxh6
Rxg2 0-1

[Event "MARIENBAD OPEN 2019 - C - FIDE open"]
[Site "Polonia hotel, Marianske Lazne"]
[Date "2019.01.23"]
[Round "6"]
[White "Chudinovskikh, Alexander M"]
[Black "Laurincova, Kristyna"]
[Result "1-0"]
[WhiteElo "2184"]
[BlackElo "2044"]
[PlyCount "81"]
[EventDate "2019.01.19"]

1. e4 c5 2. Nf3 Nc6 3. Bb5 g6 4. O-O Bg7 5. c3 Nf6 6. d4 Nxe4 7. d5 Ne5 8. Nxe5
Bxe5 9. Qe2 f5 10. f3 Bxh2+ 11. Kxh2 Qc7+ 12. f4 Qd6 13. c4 Qf6 14. g3 h5 15.
Nc3 h4 16. Nxe4 hxg3+ 17. Kg1 fxe4 18. Qxe4 Rh2 19. Be3 Qh4 20. d6 Re2 21.
Qxg6+ Kf8 22. dxe7+ Kxe7 23. Bxc5+ Kd8 24. Qg5+ Qxg5 25. fxg5 Kc7 26. Rad1 a6
27. Bd6+ Kb6 28. Ba4 Ka5 29. Rf3 b5 30. cxb5 axb5 31. Bc7+ Ka6 32. Bb3 Bb7 33.
Bd5 Bxd5 34. Rxd5 Rxb2 35. Ra3+ Kb7 36. Rxa8 Kxa8 37. g6 Kb7 38. g7 Rb1+ 39.
Kg2 Rb2+ 40. Kxg3 Rb1 41. Rg5 1-0

[Event "MARIENBAD OPEN 2019 - C - FIDE open"]
[Site "Polonia hotel, Marianske Lazne"]
[Date "2019.01.23"]
[Round "6"]
[White "Dovzhenko, Viktor"]
[Black "Michalczak, Thomas"]
[Result "1-0"]
[WhiteElo "2078"]
[BlackElo "2139"]
[PlyCount "81"]
[EventDate "2019.01.19"]

1. e4 c5 2. Nf3 d6 3. d4 cxd4 4. Nxd4 Nf6 5. Nc3 a6 6. h3 e5 7. Nde2 h5 8. g3
Nbd7 9. Bg2 b5 10. O-O Bb7 11. a4 b4 12. Nd5 Nxd5 13. exd5 Rc8 14. Bd2 h4 15.
g4 Qc7 16. c3 bxc3 17. Nxc3 Be7 18. a5 O-O 19. Be3 Rb8 20. Na4 Qxa5 21. Nb6 Qb5
22. Ra3 Nxb6 23. Rb3 Qc4 24. Rxb6 Rfc8 25. b3 Qc7 26. g5 Ba8 27. Rxa6 Rb4 28.
Ra7 Qd8 29. Qf3 Bb7 30. Bd2 Rb5 31. Qg4 Ra8 32. Rxa8 Bxa8 33. Rc1 Bb7 34. g6
Qf8 35. Rc7 Bxd5 36. Rc8 Bxb3 37. Rxf8+ Bxf8 38. gxf7+ Bxf7 39. Qc8 Rb1+ 40.
Kh2 Bb3 41. Bg5 1-0

[Event "MARIENBAD OPEN 2019 - C - FIDE open"]
[Site "Polonia hotel, Marianske Lazne"]
[Date "2019.01.23"]
[Round "6"]
[White "Lukasiewicz, Anna"]
[Black "Sabuk, Piotr"]
[Result "1-0"]
[WhiteElo "2065"]
[BlackElo "2395"]
[PlyCount "61"]
[EventDate "2019.01.19"]

1. e4 e5 2. Nf3 Nc6 3. Bc4 Bc5 4. O-O Nf6 5. d3 d6 6. c3 a5 7. h3 h6 8. a4 O-O
9. Nbd2 Ba7 10. Re1 Ne7 11. Nf1 Ng6 12. Ng3 Be6 13. Bb3 c6 14. Bxe6 fxe6 15. d4
exd4 16. Nxd4 Qe7 17. Be3 Nd7 18. Qg4 Bxd4 19. cxd4 Qf7 20. Rf1 d5 21. e5 Ne7
22. Bxh6 c5 23. Bxg7 Qxg7 24. Qxe6+ Kh8 25. Qxd7 cxd4 26. Rac1 Nc6 27. Qxd5
Rad8 28. Qe4 d3 29. e6 Rd4 30. Qe3 Ne7 31. Nh5 1-0

[Event "MARIENBAD OPEN 2019 - C - FIDE open"]
[Site "Polonia hotel, Marianske Lazne"]
[Date "2019.01.23"]
[Round "6"]
[White "Nemec, Pavel"]
[Black "Meers, Hubert"]
[Result "0-1"]
[WhiteElo "2232"]
[BlackElo "2009"]
[PlyCount "69"]
[EventDate "2019.01.19"]

1. e4 c5 2. Nc3 a6 3. g3 b5 4. Bg2 Bb7 5. d3 g6 6. Be3 e5 7. Nh3 Nc6 8. O-O d6
9. Qd2 Bg7 10. f4 Nd4 11. Rf2 Nf6 12. fxe5 Ng4 13. Bg5 Qd7 14. Rff1 Nxe5 15.
Bf6 Bxf6 16. Rxf6 Qxh3 17. Raf1 Qd7 18. Nd1 O-O-O 19. c3 Ndc6 20. d4 Nc4 21.
Qh6 Qe8 22. Rxf7 Kb8 23. b3 Nb6 24. Qg7 Rd7 25. Rxd7 Nxd7 26. Rf7 Bc8 27. e5
Kc7 28. Ne3 dxe5 29. d5 Rg8 30. Qxh7 Nd8 31. Re7 Qf8 32. h4 Kd6 33. h5 Nf6 34.
Re6+ Bxe6 35. dxe6 0-1

[Event "MARIENBAD OPEN 2019 - C - FIDE open"]
[Site "Polonia hotel, Marianske Lazne"]
[Date "2019.01.23"]
[Round "6"]
[White "Varitski, Igor"]
[Black "Pacl, Vaclav"]
[Result "1/2-1/2"]
[WhiteElo "2209"]
[BlackElo "2013"]
[PlyCount "58"]
[EventDate "2019.01.19"]

1. e4 d5 2. exd5 Qxd5 3. Nc3 Qa5 4. Bc4 Nf6 5. d3 Bg4 6. f3 Bd7 7. Bd2 e6 8.
Nd5 Qc5 9. Bb4 Qc6 10. Nxf6+ gxf6 11. Bxf8 Kxf8 12. Qd2 Qd6 13. Ne2 Nc6 14. d4
Qb4 15. Qxb4+ Nxb4 16. O-O-O Bc6 17. Nf4 Rd8 18. Bxe6 fxe6 19. Nxe6+ Kf7 20.
Nxd8+ Rxd8 21. a3 Nd5 22. Rhe1 b5 23. Rd2 Rd7 24. c3 Nb6 25. Rde2 Nc4 26. Kc2
a5 27. Re8 Nd6 28. Rh8 Kg7 29. Rb8 a4 1/2-1/2

[Event "MARIENBAD OPEN 2019 - C - FIDE open"]
[Site "Polonia hotel, Marianske Lazne"]
[Date "2019.01.23"]
[Round "6"]
[White "Stalmach, Richard"]
[Black "Pavlicek, Lukas"]
[Result "1-0"]
[WhiteElo "2164"]
[BlackElo "2004"]
[PlyCount "47"]
[EventDate "2019.01.19"]

1. d4 Nf6 2. c4 e6 3. Nf3 b6 4. e3 Bb7 5. Bd3 Ne4 6. O-O Be7 7. Nfd2 f5 8. Bxe4
fxe4 9. Qg4 O-O 10. Nxe4 h5 11. Qg6 Rf5 12. Nbc3 Bb4 13. d5 Qe7 14. Nb5 Qh4 15.
Ng3 Rg5 16. Qe8+ Kh7 17. Nxc7 Qxc4 18. Nxa8 Ba6 19. Rd1 Qc2 20. Bd2 h4 21. Bxb4
hxg3 22. hxg3 Qxb2 23. Bd6 Rxd5 24. Bxb8 1-0

[Event "MARIENBAD OPEN 2019 - C - FIDE open"]
[Site "Polonia hotel, Marianske Lazne"]
[Date "2019.01.23"]
[Round "6"]
[White "Luberanski, Jakub"]
[Black "Sprenar, Petr"]
[Result "1-0"]
[WhiteElo "1959"]
[BlackElo "2236"]
[PlyCount "79"]
[EventDate "2019.01.19"]

1. e4 b6 2. d4 Bb7 3. Nc3 e6 4. Nf3 Bb4 5. Bd3 Nf6 6. Qe2 d5 7. Bg5 h6 8. Bxf6
Qxf6 9. e5 Qd8 10. a3 Be7 11. Nd1 c5 12. c3 Nc6 13. Ne3 a5 14. Rd1 Qc8 15. O-O
O-O 16. Bb1 Ba6 17. Qc2 g6 18. Rfe1 Kg7 19. h4 cxd4 20. cxd4 Qd7 21. h5 Rac8
22. Qd2 g5 23. Ng4 Bc4 24. Nfh2 Rh8 25. Re3 a4 26. Rf3 Bb3 27. Re1 Na5 28. Nf6
Qb5 29. Rg3 Nc4 30. Rxg5+ hxg5 31. Qxg5+ Kf8 32. h6 Bxf6 33. Qxf6 Rxh6 34.
Qxh6+ Ke7 35. Qf6+ Ke8 36. Qh8+ Kd7 37. Qg7 Re8 38. Ng4 Re7 39. Nf6+ Kc7 40.
Qf8 1-0

[Event "MARIENBAD OPEN 2019 - C - FIDE open"]
[Site "Polonia hotel, Marianske Lazne"]
[Date "2019.01.23"]
[Round "6"]
[White "Tennstedt, Andreas"]
[Black "Efendieva, Alina"]
[Result "1/2-1/2"]
[WhiteElo "2126"]
[BlackElo "1853"]
[PlyCount "37"]
[EventDate "2019.01.19"]

1. d4 d5 2. c4 e6 3. Nc3 c5 4. Nf3 Nf6 5. e3 Nc6 6. Be2 Bd6 7. O-O O-O 8. a3 b6
9. b3 cxd4 10. Nxd4 Bb7 11. Bf3 Ne5 12. cxd5 Nxf3+ 13. Nxf3 Nxd5 14. Nxd5 Bxd5
15. Bb2 Bxf3 16. Qxf3 Qg5 17. Rfd1 Be5 18. Qe2 Bxb2 19. Qxb2 1/2-1/2

[Event "MARIENBAD OPEN 2019 - C - FIDE open"]
[Site "Polonia hotel, Marianske Lazne"]
[Date "2019.01.23"]
[Round "6"]
[White "Vishwa, Vasnawala"]
[Black "Shintre, Neel"]
[Result "1-0"]
[WhiteElo "1882"]
[BlackElo "2053"]
[PlyCount "65"]
[EventDate "2019.01.19"]

1. d4 Nf6 2. Bf4 d5 3. e3 g6 4. Nc3 Bg7 5. h4 c5 6. Nb5 Na6 7. c3 O-O 8. Nf3
Qb6 9. Ne5 cxd4 10. exd4 Ne4 11. h5 g5 12. h6 Bh8 13. Be3 f5 14. Qb3 Be6 15. a4
f4 16. a5 Qd8 17. Bd2 Bf5 18. Nd3 e6 19. Be2 Nb8 20. Nc5 Nxc5 21. dxc5 Na6 22.
Qa3 b6 23. c6 Nc5 24. c7 Qd7 25. axb6 Bd3 26. Nxa7 Bxe2 27. Qxc5 Bc4 28. b7
Rxa7 29. Rxa7 Be5 30. Qxf8+ Kxf8 31. c8=Q+ Ke7 32. Qxd7+ Kxd7 33. b8=Q+ 1-0

[Event "MARIENBAD OPEN 2019 - C - FIDE open"]
[Site "Polonia hotel, Marianske Lazne"]
[Date "2019.01.23"]
[Round "6"]
[White "Bartonicek, Zdenek"]
[Black "Kolodziejski, Piotr"]
[Result "0-1"]
[WhiteElo "1950"]
[BlackElo "1682"]
[PlyCount "102"]
[EventDate "2019.01.19"]

1. e4 c6 2. d4 d5 3. Nc3 dxe4 4. Nxe4 Bf5 5. Ng3 Bg6 6. Nf3 Nd7 7. h4 h6 8. h5
Bh7 9. Bd3 Bxd3 10. Qxd3 e6 11. Bd2 Ngf6 12. O-O-O Be7 13. Qe2 O-O 14. Rhe1 b5
15. Ne5 Nxe5 16. dxe5 Nd5 17. Ne4 a5 18. g4 Qc7 19. f4 b4 20. g5 hxg5 21. fxg5
Qxe5 22. Qg2 Qc7 23. g6 f5 24. Ng5 Nf4 25. Qg1 Rfe8 26. Nxe6 Nxe6 27. Rxe6 Bf6
28. Rde1 Rxe6 29. Rxe6 Qd7 30. Qe1 Rd8 31. h6 Bh4 32. h7+ Kh8 33. Qe2 c5 34.
Bf4 c4 35. Rd6 Qc7 36. Qd2 Re8 37. Re6 Qc8 38. Rxe8+ Qxe8 39. Qd1 Qxg6 40. Qh1
Bg5 41. Bxg5 Qxg5+ 42. Kd1 Qg4+ 43. Kd2 Qd4+ 44. Ke2 Qe5+ 45. Kd2 c3+ 46. bxc3
Qxc3+ 47. Ke2 Qxc2+ 48. Ke3 Qe4+ 49. Qxe4 fxe4 50. Kxe4 Kxh7 51. Kd4 g5 0-1

[Event "MARIENBAD OPEN 2019 - D - Open Seniors"]
[Site "Polonia hotel, Marianske Lazne"]
[Date "2019.01.23"]
[Round "6"]
[White "Polich, Sergei"]
[Black "Briza, Jiri"]
[Result "1-0"]
[WhiteElo "2112"]
[BlackElo "1944"]
[PlyCount "113"]
[EventDate "2019.01.19"]

1. c4 e5 2. Nc3 Nf6 3. Nf3 Nc6 4. g3 d5 5. cxd5 Nxd5 6. Bg2 Nb6 7. a3 a5 8. O-O
Be7 9. d4 exd4 10. Nb5 d3 11. e4 Na7 12. Nxa7 Rxa7 13. Ne5 O-O 14. Be3 Bf6 15.
Nxd3 Ra8 16. Qc2 Be7 17. Rac1 c6 18. Qb3 Nd7 19. Rfd1 Qe8 20. e5 a4 21. Qc4 Ra5
22. f4 Kh8 23. Qc3 Bd8 24. Re1 Rb5 25. Qc2 Rb3 26. Rcd1 Ba5 27. Re2 Qe6 28. Bf2
Re8 29. Nc1 Rb5 30. Qxa4 Nb6 31. Qc2 Nd5 32. a4 Nb4 33. Qb3 Rb6 34. Rd6 Qxb3
35. Nxb3 Ra6 36. Nxa5 Rxa5 37. Red2 Be6 38. Rd8 Ra8 39. Rxe8+ Rxe8 40. Bc5 Nd5
41. a5 g6 42. b4 Ra8 43. Kf2 h5 44. Bxd5 Bxd5 45. Ke3 Rd8 46. Bd6 Kg7 47. Rb2
Ra8 48. Be7 Ra6 49. Bd8 Ra8 50. Be7 Rc8 51. Kd4 Rc7 52. Bd6 Rd7 53. Kc5 f5 54.
b5 Be4 55. bxc6 Bxc6 56. a6 Bd5 57. e6 1-0

[Event "MARIENBAD OPEN 2019 - D - Open Seniors"]
[Site "Polonia hotel, Marianske Lazne"]
[Date "2019.01.23"]
[Round "6"]
[White "Bartos, Jan"]
[Black "Chmelik, Jiri"]
[Result "1/2-1/2"]
[WhiteElo "2178"]
[BlackElo "1977"]
[PlyCount "44"]
[EventDate "2019.01.19"]

1. c4 e5 2. Nc3 Nf6 3. Nf3 Nc6 4. d4 exd4 5. Nxd4 Bb4 6. Bg5 Bxc3+ 7. bxc3 h6
8. Bh4 d6 9. Nxc6 bxc6 10. c5 O-O 11. e3 Qe7 12. cxd6 cxd6 13. Qd4 d5 14. Bxf6
Qxf6 15. Qxf6 gxf6 16. Bd3 Rb8 17. O-O Be6 18. Rab1 Rb6 19. Rb4 Rfb8 20. Rfb1
c5 21. Rxb6 Rxb6 22. Rxb6 axb6 1/2-1/2

[Event "MARIENBAD OPEN 2019 - D - Open Seniors"]
[Site "Polonia hotel, Marianske Lazne"]
[Date "2019.01.23"]
[Round "6"]
[White "Malinovsky, Petr"]
[Black "Kozak, Milos"]
[Result "0-1"]
[WhiteElo "2004"]
[BlackElo "2203"]
[PlyCount "80"]
[EventDate "2019.01.19"]

1. d4 Nf6 2. c4 e6 3. Nc3 Bb4 4. e3 b6 5. Nge2 Bb7 6. a3 Bd6 7. f3 Nh5 8. e4
Qh4+ 9. Kd2 f5 10. e5 Be7 11. Kc2 Nc6 12. Nb5 O-O-O 13. g3 Nxg3 14. Nxg3 a6 15.
d5 Nxe5 16. Nc3 Nxc4 17. f4 Nd6 18. Be3 Bf6 19. Qd2 Rde8 20. Rc1 Kb8 21. Kb1
exd5 22. Nxd5 Rxe3 23. Nxc7 Qxf4 24. Bxa6 Bxh1 25. Nxh1 Rb3 26. Qxf4 Rxb2+ 27.
Ka1 Rf2+ 28. Kb1 Rxf4 29. Ng3 Rf2 30. Be2 Rc8 31. Na6+ Kb7 32. Rd1 Be5 33. Nb4
Bxg3 34. Ba6+ Ka7 35. hxg3 Rc3 36. Rxd6 Rb3+ 37. Kc1 Rxb4 38. axb4 Kxa6 39.
Rxd7 g6 40. Rxh7 Rg2 0-1

[Event "MARIENBAD OPEN 2019 - D - Open Seniors"]
[Site "Polonia hotel, Marianske Lazne"]
[Date "2019.01.23"]
[Round "6"]
[White "Baum, Bernd"]
[Black "Horyna, Josef"]
[Result "1-0"]
[WhiteElo "2204"]
[BlackElo "1710"]
[PlyCount "53"]
[EventDate "2019.01.19"]

1. Nf3 Nf6 2. g3 g6 3. Bg2 Bg7 4. c4 c6 5. O-O O-O 6. d4 d5 7. Qa4 Nbd7 8. cxd5
Nxd5 9. e4 Nc7 10. Rd1 Nb6 11. Qb3 Bg4 12. Be3 Ne8 13. Nbd2 Nd6 14. a4 Bxf3 15.
Bxf3 Rb8 16. Bg2 e6 17. Rac1 Nbc8 18. Qa3 Re8 19. Qb3 Qb6 20. Qa2 Qd8 21. Nb3
Qe7 22. Nc5 a6 23. Qb3 Ra8 24. Rc2 e5 25. dxe5 Bxe5 26. f4 Bg7 27. Bf2 1-0

[Event "MARIENBAD OPEN 2019 - D - Open Seniors"]
[Site "Polonia hotel, Marianske Lazne"]
[Date "2019.01.23"]
[Round "6"]
[White "Kucera, Jiri"]
[Black "Paldus, Petr"]
[Result "1/2-1/2"]
[WhiteElo "1939"]
[BlackElo "2037"]
[PlyCount "69"]
[EventDate "2019.01.19"]

1. e4 e5 2. Nf3 Nc6 3. d4 exd4 4. Nxd4 Nxd4 5. Qxd4 Qf6 6. Qc4 Bd6 7. Nc3 c6 8.
a4 Ne7 9. g3 b6 10. Be3 Qe6 11. f4 Qxc4 12. Bxc4 Bb4 13. O-O O-O 14. Rfd1 Bxc3
15. bxc3 d5 16. exd5 Nxd5 17. Bxd5 cxd5 18. Rxd5 Bb7 19. Rd7 Bc6 20. Rc7 Be4
21. a5 bxa5 22. Bxa7 Bxc2 23. Rxa5 Rfe8 24. Re5 Rxe5 25. fxe5 Bf5 26. Kf2 h5
27. Ke3 Rc8 28. Rxc8+ Bxc8 29. Bc5 f6 30. exf6 gxf6 31. Kd4 Bb7 32. Bd6 Kf7 33.
c4 Ke6 34. c5 Bc6 35. Ke3 1/2-1/2

[Event "MARIENBAD OPEN 2019 - D - Open Seniors"]
[Site "Polonia hotel, Marianske Lazne"]
[Date "2019.01.23"]
[Round "6"]
[White "Spanton, Tim R"]
[Black "Ahrends, Norbert"]
[Result "0-1"]
[WhiteElo "1943"]
[BlackElo "1898"]
[PlyCount "110"]
[EventDate "2019.01.19"]

1. e4 c5 2. Nf3 d6 3. Bb5+ Bd7 4. Bxd7+ Nxd7 5. O-O Ngf6 6. Qe2 Rc8 7. Rd1 Qc7
8. b3 g6 9. Bb2 Bg7 10. Na3 O-O 11. Rac1 a6 12. c4 e5 13. Nb1 Nb8 14. Nc3 Nc6
15. d3 Qd7 16. Re1 Nh5 17. g3 f5 18. Nd5 Rce8 19. exf5 Qxf5 20. Nh4 Qf7 21. Kg2
Bh6 22. Rcd1 Ne7 23. Nxe7+ Qxe7 24. Bc1 Bxc1 25. Rxc1 Nf4+ 26. gxf4 Qxh4 27. f3
Rxf4 28. Qf2 Qf6 29. Re4 Rf8 30. Rxf4 Qxf4 31. Re1 Qg5+ 32. Kh1 Qf5 33. Re3 g5
34. Qg3 Qf4 35. Qxf4 Rxf4 36. Kg2 Kf7 37. Kg3 Rd4 38. h3 h5 39. Kg2 Ke6 40. Kf2
Kd7 41. a3 Kc6 42. Kg3 b5 43. Kf2 a5 44. a4 bxa4 45. bxa4 Kd7 46. Kg2 Ke6 47.
Kf2 d5 48. cxd5+ Kxd5 49. Re4 Rxe4 50. dxe4+ Kd4 51. Ke2 h4 52. Kd2 c4 53. Kc2
c3 54. Kc1 Kc4 55. Kc2 Kb4 0-1

[Event "MARIENBAD OPEN 2019 - D - Open Seniors"]
[Site "Polonia hotel, Marianske Lazne"]
[Date "2019.01.23"]
[Round "6"]
[White "Van Kesteren, Stef"]
[Black "Simkin, Alexander"]
[Result "1-0"]
[WhiteElo "1853"]
[BlackElo "1742"]
[PlyCount "69"]
[EventDate "2019.01.19"]

1. e4 e5 2. Nf3 Nc6 3. d4 exd4 4. Bc4 Bb4+ 5. c3 dxc3 6. Nxc3 Bxc3+ 7. bxc3 d6
8. Qb3 Qe7 9. O-O Ne5 10. Nxe5 dxe5 11. Ba3 Qf6 12. Kh1 c6 13. f4 b5 14. fxe5
Qxe5 15. Bxf7+ Kd8 16. Bxg8 Kc7 17. Qf7+ Kb6 18. Qf2+ Ka6 19. Bb3 Bb7 20. Qd4
Qg5 21. c4 Rad8 22. cxb5+ cxb5 23. Bd5 Bxd5 24. exd5 Rxd5 25. Qe4 Rhd8 26. Bb4
Qh6 27. a4 bxa4 28. Rxa4+ Kb6 29. Qe2 a5 30. Be1 Qc6 31. Bf2+ Kb7 32. Raa1 Re8
33. Rab1+ Ka8 34. Qf3 Qc4 35. Qf7 1-0

[Event "MARIENBAD OPEN 2019 - D - Open Seniors"]
[Site "Polonia hotel, Marianske Lazne"]
[Date "2019.01.23"]
[Round "6"]
[White "Macho, Miloslav"]
[Black "Chudek, Lubomir"]
[Result "0-1"]
[WhiteElo "1707"]
[BlackElo "1768"]
[PlyCount "80"]
[EventDate "2019.01.19"]

1. e4 c5 2. Nc3 Nc6 3. g3 Nf6 4. Bg2 g6 5. Nge2 Bg7 6. O-O O-O 7. d3 a6 8. Be3
d6 9. Qc1 Ng4 10. Bd2 Nd4 11. Nxd4 Bxd4 12. h3 Ne5 13. Ne2 Nc6 14. Nxd4 cxd4
15. Bh6 Re8 16. a3 e5 17. Bg5 f6 18. Bd2 Rf8 19. Qd1 Be6 20. f4 Qd7 21. Kh2 Ne7
22. fxe5 dxe5 23. Qe2 Rac8 24. c4 Kg7 25. b4 Qc7 26. Rfe1 h5 27. Bc1 Rh8 28. h4
Bg4 29. Bf3 Bxf3 30. Qxf3 Rcf8 31. Qe2 f5 32. Bg5 f4 33. gxf4 exf4 34. e5 f3
35. Qf2 Rf5 36. Qg3 f2 37. Rf1 Rhf8 38. Bf6+ Kh7 39. Rxf2 R8xf6 40. exf6 Rxf2+
0-1

[Event "MARIENBAD OPEN 2019 - D - Open Seniors"]
[Site "Polonia hotel, Marianske Lazne"]
[Date "2019.01.23"]
[Round "6"]
[White "Kapolka, Stefan"]
[Black "Sulot, Zdzislaw"]
[Result "0-1"]
[WhiteElo "1456"]
[BlackElo "1404"]
[PlyCount "62"]
[EventDate "2019.01.19"]

1. d4 d5 2. c4 Bf5 3. Nc3 e6 4. Nf3 h6 5. cxd5 exd5 6. e3 Nf6 7. Bd3 Bg4 8. Bd2
Be7 9. Qc2 Bxf3 10. gxf3 a6 11. O-O-O Nc6 12. Bf5 Nb4 13. Qb3 g6 14. Bb1 b5 15.
a3 Nc6 16. Na2 Qd7 17. Bd3 O-O 18. Kb1 a5 19. Qxb5 Qd6 20. Qa4 Rfb8 21. Ka1 Nd7
22. Rc1 Nd8 23. Bxa5 c5 24. b4 c4 25. Be2 Nc6 26. Rc3 Bd8 27. Qd1 Bxa5 28. bxa5
Nxa5 29. Qc2 Nb3+ 30. Rxb3 cxb3 31. Qb2 bxa2 0-1

[Event "MARIENBAD OPEN 2019 - A1 - GM"]
  [Site "Polonia hotel, Marianske Lazne"]
  [Date "2019.01.24"]
  [Round "7"]
  [White "Voloshin, Leonid"]
  [Black "Cernousek, Lukas"]
  [Result "1/2-1/2"]
  [WhiteElo "2381"]
  [BlackElo "2427"]
  [EventDate "2019.01.19"]
    
  1. c4  e6  2. g3  d5
  3. Bg2  c6  4. Qc2
  Bd6  5. d4  f5
  6. Nf3  Nf6  7. O-O  O-O
  8. b3  Qe7  9. Bb2
  a5  10. Nbd2  Ne4
  11. Ne5  Nxd2  12. Qxd2
  Nd7  13. Nxd7  Bxd7
  14. Rac1  b5  15. c5
  Bc7  16. f4  1/2-1/2

[Event "MARIENBAD OPEN 2019 - A1 - GM"]
  [Site "Polonia hotel, Marianske Lazne"]
  [Date "2019.01.24"]
  [Round "7"]
  [White "Rakesh, Kumar Jena"]
  [Black "Makarian, Rudik"]
  [Result "1/2-1/2"]
  [WhiteElo "2426"]
  [BlackElo "2354"]
  [EventDate "2019.01.19"]
    
  1. d4  Nf6  2. Nf3  b6
  3. Bf4  Bb7  4. e3
  g6  5. Nbd2  Bg7
  6. h3  O-O  7. Bd3
  c5  8. c3  d6
  9. O-O  Nbd7  10. Bh2  Re8
  11. e4  e5  12. dxe5
  Nxe5  13. Nxe5  dxe5
  14. Qc2  Qc7  15. f4
  Nh5  16. fxe5  Bxe5
  17. Bxe5  Rxe5  18. Bc4
  Re7  19. Rf3  Ng3
  20. Re1  Kg7  21. Ree3
  f5  22. Bd5  Nxe4
  23. c4  Nf6  24. Qc3
  Rae8  25. Rxf5  gxf5
  26. Rg3+  Kh8  27. Qxf6+
  Rg7  28. Re3  Rb8
  29. Qxf5  Bxd5  30. cxd5
  Rbg8  31. g4  Rg5
  32. Qf6+  Qg7  33. Qxg7+
  Kxg7  34. Re7+  Kf6
  35. d6  Rd5  36. Ne4+
  Kg6  37. Re6+  Kf7
  38. Re7+  Kg6  39. Re6+
  Kf7  40. Re7+  1/2-1/2

[Event "MARIENBAD OPEN 2019 - A2 - GM"]
[Site "Polonia hotel, Marianske Lazne"]
[Date "2019.01.24"]
[Round "7"]
[White "Simacek, Pavel"]
[Black "Swicarz, Maciej"]
[Result "1-0"]
[WhiteElo "2481"]
[BlackElo "2331"]
[EventDate "2019.01.19"]

1. d4  d5  2. c4  c6
3. Nc3  e6  4. e3
f5  5. Qc2  Nf6
6. Bd3  Be7  7. Nge2  O-O
8. f3  Na6  9. a3
c5  10. O-O  Kh8
11. Rd1  Qc7  12. b3
dxc4  13. Bxc4  Bd7
14. d5  exd5  15. Nxd5
Nxd5  16. Bxd5  Bc6
17. Nf4  Qb6  18. Bb2
Bf6  19. Bc4  Nc7
20. Qxf5  Bd7  21. Ng6+
hxg6  22. Qxd7  Ne6
23. Rd6  1-0

[Event "MARIENBAD OPEN 2019 - A2 - GM"]
[Site "Polonia hotel, Marianske Lazne"]
[Date "2019.01.24"]
[Round "7"]
[White "Liu, Guanchu"]
[Black "Gungl, Theo"]
[Result "1-0"]
[WhiteElo "2425"]
[BlackElo "2368"]
[EventDate "2019.01.19"]

1. e4  c5  2. Nf3  d6
3. d4  cxd4  4. Nxd4
Nf6  5. Nc3  a6
6. Be3  e6  7. g4  b5
8. g5  Nfd7  9. a3
Bb7  10. h4  Nb6
11. h5  N8d7  12. Rh3
Ne5  13. g6  Be7
14. gxf7+  Kxf7  15. h6
g6  16. Qe2  Rc8
17. f4  Bh4+  18. Bf2
Bxf2+  19. Qxf2  Ng4
20. Qe2  Nf6  21. O-O-O
Re8  22. Nf3  Kg8
23. Ng5  Nh5  24. Qf2
e5  25. Rxh5  gxh5
26. Qg1  Qf6  27. Qxb6
Qxf4+  28. Kb1  Qxg5
29. Qxb7  Qxh6  30. Qxa6
h4  31. Rxd6  Qe3
32. Ka2  b4  33. Nd5
1-0

[Event "MARIENBAD OPEN 2019 - A2 - GM"]
[Site "Polonia hotel, Marianske Lazne"]
[Date "2019.01.24"]
[Round "7"]
[White "Kulkarni, Bhakti"]
[Black "Kriebel, Tadeas"]
[Result "1/2-1/2"]
[WhiteElo "2303"]
[BlackElo "2519"]
[EventDate "2019.01.19"]

1. e4  e5  2. Nf3  Nc6
3. Nc3  Nf6  4. d4
exd4  5. Nxd4  Bb4
6. Nxc6  bxc6  7. Bd3
d5  8. exd5  cxd5
9. O-O  O-O  10. h3
Be6  11. Qf3  c5
12. Bg5  c4  13. Bf5
Bxc3  14. bxc3  Qc8
15. Bxf6  Bxf5  16. Qg3
Bg6 17. Bd4  f6  18. Rfe1
Qd7  19. Re2  Rae8
20. Rae1  Rxe2  21. Rxe2
a6  22. a3  Bh5
23. Re1  Bg6  24. Re2  Kh8
25. Kh2  Re8  26. Rxe8+
Bxe8  27. Qb8  h6
28. Qb6  Qc6  29. Qxc6
Bxc6  30. Kg3  Ba4
31. Kf4  Bxc2  32. h4
Kg8  33. g3  Kf7
34. Ke3  Ke6  35. Bc5
h5  36. Kf4  g6
37. Bd4  a5  38. Bb6  a4
39. Bd4  Bd3  40. Bc5
1/2-1/2